ICC Dispute resolution services (Record no. 120621)
[ view plain ]
| 000 -LEADER | |
|---|---|
| fixed length control field | 00920cai a22001695a 4500 |
| 001 - CONTROL NUMBER | |
| control field | L140076 |
| 008 - FIXED-LENGTH DATA ELEMENTS--GENERAL INFORMATION | |
| fixed length control field | 070904u xxk g 000 0 eng d |
| 035 ## - SYSTEM CONTROL NUMBER | |
| System control number | (Sirsi) u140076 |
| 041 0# - LANGUAGE CODE | |
| Language code of text/sound track or separate title | eng |
| 110 2# - MAIN ENTRY--CORPORATE NAME | |
| Corporate name or jurisdiction name as entry element | International Chamber of Commerce |
| 9 (RLIN) | 1250 |
| 245 00 - TITLE STATEMENT | |
| Title | ICC Dispute resolution services |
| Medium | [electronic resource] |
| 520 ## - SUMMARY, ETC. | |
| Summary, etc. | World business organisation which champions the global economy as a force for economic growth, job creation and prosperity. The International Court of Arbitration is an international arbitration service which aims to resolve cross-border business disputes through a range of different services. |
| 651 #4 - SUBJECT ADDED ENTRY--GEOGRAPHIC NAME | |
| Geographic name | International |
| 690 ## - LOCAL SUBJECT ADDED ENTRY--TOPICAL TERM (OCLC, RLIN) | |
| Topical term or geographic name as entry element | MANAGEMENT-DISPUTE AVOIDANCE, MANAGEMENT AND RESOLUTION-DISPUTE MANAGEMENT AND RESOLUTION-ALTERNATIVE DISPUTE RESOLUTION-ARBITRATION |
| 856 40 - ELECTRONIC LOCATION AND ACCESS | |
| Uniform Resource Identifier | <a href="https://www.iccwbo.org/court/">https://www.iccwbo.org/court/</a> |
| Public note | View this website free of charge at www.iccwbo.org/court... |
| 942 ## - ADDED ENTRY ELEMENTS (KOHA) | |
| Suppress in OPAC | 0 |
| Withdrawn status | Lost status | Source of classification or shelving scheme | Damaged status | Not for loan | Home library | Current library | Shelving location | Date acquired | Total Checkouts | Full call number | Barcode | Date last seen | Copy number | Price effective from | Koha item type |
|---|---|---|---|---|---|---|---|---|---|---|---|---|---|---|---|
| Dewey Decimal Classification | Virtual | Virtual | Online | 04/09/2007 | WEB-SITE | 140076-1001 | 06/08/2019 | 1 | 06/08/2019 | Online material |